| 000 | 00557cam a22002295a 4500 | ||
|---|---|---|---|
| 001 | L158155 | ||
| 002 | 19917 | ||
| 008 | 140925s2014 xxk f 000 0 eng d | ||
| 020 | _a9781859464991 | ||
| 035 | _a(Sirsi) u158155 | ||
| 041 | 0 | _aeng | |
| 050 | 0 | 4 | _a692.8 |
| 100 | 1 | _aKlaschka, Robert | |
| 245 | 0 | 0 | _aBIM in small practices |
| 260 | _a2014 | ||
| 350 | _a30.00 | ||
| 520 | _aIllustrated case studies showing BIM in action in a range of projects. | ||
| 521 | _aAdvanced | ||
| 650 | 2 | 4 |
_aBIM _96219 |
| 651 | 4 | _aENGLAND AND WALES | |
| 942 | _n0 | ||
| 999 |
_c115175 _d115175 |
||